Латинско-российский лексикон,. Ч. 2: От M до Z (Запись № 13632221)
[ простой вид ]
| 000 -МАРКЕР | |
|---|---|
| контрольное поле | 02504nam2a2200241 4500 |
| 001 - ИДЕНТИФИКАТОР ЗАПИСИ | |
| контрольное поле | RU\NLR\19V\931941 |
| 005 - ИДЕНТИФИКАТОР ВЕРСИИ | |
| контрольное поле | 20260315071818.0 |
| 035 ## - ДРУГИЕ СИСТЕМНЫЕ НОМЕРА | |
| Идентификатор записи | (NLR Aleph) 010350259 |
| 100 ## - ДАННЫЕ ОБЩЕЙ ОБРАБОТКИ | |
| Данные общей обработки | 20101203d1824 u y0rusy50 ca |
| 101 0# - ЯЗЫК РЕСУРСА | |
| Язык текста, звукозаписи и т.д. | русский |
| -- | латинский |
| 102 ## - СТРАНА ПУБЛИКАЦИИ ИЛИ ПРОИЗВОДСТВА | |
| Страна публикации | Российская Федерация |
| 140 ## - ПОЛЕ КОДИРОВАННЫХ ДАННЫХ: СТАРОПЕЧАТНЫЕ ИЗДАНИЯ - ОБЩАЯ ИНФОРМАЦИЯ | |
| Кодированные данные о старопечатном издании - Основные | y y ff yaa0100 |
| 200 1# - ЗАГЛАВИЕ И СВЕДЕНИЯ ОБ ОТВЕТСТВЕННОСТИ | |
| Основное заглавие | От M до Z |
| 215 ## - ФИЗИЧЕСКАЯ ХАРАКТЕРИСТИКА | |
| Специфическое обозначение материала и объем | [4] с., 1270 стб., [1] с. |
| 316 ## - ПРИМЕЧАНИЯ ОБ ОСОБЕННОСТЯХ ЭКЗЕМПЛЯРА | |
| Текст примечания | Экз. РНБ (18.61.3.6(2)) ч.1-2 в одном пер. На стб. 1269-1270 круглый штамп ГПБ. |
| Организация и экземпляр, к которому относится поле | NLR: 18.61.3.6(2) |
| 461 #0 - УРОВЕНЬ НАБОРА | |
| Встроенное поле | 001v19\rc\2101020 |
| -- | 2001#$aЛатинско-российский лексикон,$eс полным объяснением всех свойств и значений каждаго латинскаго слова, и с показанием собственных имен, до древней географии и мифологии относящихся.$fСоставленный Иваном Кронебергом, ординарным профессором латинской словесности и древностей при Императорском Харьковском университете, философии доктором и Иенских обществ латинскаго и великогерцогскаго минералогическаго членом$vЧ. 2 |
| Системный номер (АБИС) связанной записи | 6068586 |
| Автор | Кронеберг, И.Я. (1788-1838) |
| Место публикации | Москва |
| Дата публикации | 1824 |
| Издание | Второе издание, исправленное и умноженное |
| Первые сведения об ответственности | Составленный Иваном Кронебергом, ординарным профессором латинской словесности и древностей при Императорском Харьковском университете, философии доктором и Иенских обществ латинскаго и великогерцогскаго минералогическаго членом |
| Имя издателя, распространителя и т.д. | в типографии С. Селивановскаго |
| Сведения, относящиеся к заглавию | с полным объяснением всех свойств и значений каждаго латинскаго слова, и с показанием собственных имен, до древней географии и мифологии относящихся. |
| Заглавие | Латинско-российский лексикон, |
| Номер тома | Ч. 2 |
| 801 #0 - ИСТОЧНИК ЗАПИСИ | |
| Страна | Российская Федерация |
| Организация | NLR |
| Дата составления | 20101203 |
| Правила каталогизации | psbo |
| 801 #1 - ИСТОЧНИК ЗАПИСИ | |
| Страна | Российская Федерация |
| Организация | NLR |
| Дата составления | 20101203 |
| Источник данных | rusmarc |
| 852 ## - МЕСТОНАХОЖДЕНИЕ И ШИФР ХРАНЕНИЯ | |
| Идентификатор организации | NLR |
| Шифр хранения (Call Number) | 18.61.3.6(2) |
| 942 ## - ДОПОЛНИТЕЛЬНЫЕ ЭЛЕМЕНТЫ ЗАПИСИ (АБИС) | |
| Тип экземпляра АБИС | Неопределено |
| 980 ## - КОЛЛЕКЦИЯ | |
| Название коллекции | Национальная библиография |
Нет доступных экземпляров.